00518nam a22001937a 450000500170000001000130001702000100003003500130004003700160005304000120006908200110008110000240009224500750011626000370019127000480022830000200027665000160029665000120031220170124110108.0 aA-709732 c00.00 aA-709732 bCen Lib/Ret aDPLbEN aNbMAL aMalgonkar, Manohar  aThe davil's wind :cby Manohar Malgonkar bnana saheb's story, a novel bPenguin Books c1988aNew Delhi  bNew Delhi a23 Kasturbagandhi Marg e110001 a315p.c17cm(Hb) aLiterature  aFiction